Muppets Quiz - Statistics

General Stats
  • This quiz has been taken 163 times
  • The average score is 19 of 34
Answer Stats
Hint Muppet % Correct
Green frog, main character and host Kermit
100%
Girlfriend of above Miss Piggy
98%
Joke making Bear with bad jokes Fozzie
96%
Crazy dog-like drummer of Electric Mayhem Animal
94%
Showman that always fails Gonzo
93%
Apprentice of above, always getting hurt Beaker
81%
Pianist and leader of the Electric Mayhem band Dr. Teeth
73%
Scientist of the Muppets Dr. Bunsen Honeydew
69%
Food loving rat Rizzo
69%
Chef that speaks mock swedish Swedish Chef
69%
Pianist dog Rowlf
67%
Old Muppet show hater, usually sits on a high balcony seat Statler
67%
Off stage director of the Muppet Show Scooter
66%
The other hater Waldorf
66%
Lead guitar player in Electric Mayhem Janice
64%
Newest Muppet member; introduce in The Muppets, from 2011 Walter
61%
Chicken girlfriend of the above showman Camilla
60%
Nephew of a certain green frog Robin
56%
Patriotic eagle, named after famous American person Sam Eagle
54%
Forgetful saxophone player of the Electric Mayhem Zoot
52%
Large Muppet that was left behind in the Muppet Movie Origianal Sweetums
49%
Dragon-like ghost Uncle Deadly
41%
Crazy pyromaniac that love to cause mayhem Crazy Harry
38%
Bass player of the Electric Mayhem Floyd Pepper
38%
Muppet that throws a fish as a boomerang Lew Zealand
37%
Ineligible trumpet player of the Electric Mayhem Lips
34%
Janitor of the Muppet theater Beauregard
29%
Primitive looking bear Bobo the Bear
29%
Muppet news reporter The Newsman
25%
Singer that can only say his own name Mahna Mahna
24%
Purple Muppet with dreadlock-styled hair, former member of the Electric Mayhem Clifford
21%
Captain of the USS Swinetrek Link Hogthrob
21%
Professor of the USS Swinetrek Dr. Julius Strangepork
19%
Creatures that accompany him in his song Snowths
16%
No matching quizzes found
Score Distribution
Percent of People with Each Score
Percentile by Number Answered
Your Score History
You have not taken this quiz